Japan Quiz - Statistics

General Stats
  • This quiz has been taken 32 times
  • The average score is 9 of 15
Answer Stats
Question Answer % Correct
What is the capitol of Japan? Tokyo
100%
A city that was had an atom bomb dropped on. Hiroshima / Nagasaki
96%
Name one of the 4 main islands of Japan? Hokkaido / Honshu / Shikoku / Kyushu
91%
What is the name of the main island? Honshu
91%
Most populated island? Honshu
91%
Name of the Seas / Ocean that touches Japan? Pacific / Okhotsk / Sea of Japan / East China Sea
83%
Side in WW2? Axis
78%
What year did the US occupation leave Japan? 1952
70%
What is national sport of Japan? Sumo wrestling
70%
2nd most populated island in Japan? Kyushu
65%
Amount of years being it's own country since 1952? 71
39%
How many millions of people live in Japan? 124
30%
Prime Minister in 2024? Fumio Kishida
13%
What is the national animal of Japan? Green Pheasant
4%
First president / Prime minister? Kenichiro Sakuragi
0%
No matching quizzes found
Score Distribution
Percent of People with Each Score
Percentile by Number Answered
Your Score History
You have not taken this quiz